New Zealand : Selected Issues Paper.

This Selected Issues paper focuses on the issues of fiscal policy, rebalancing, and growth in New Zealand. The paper discusses that a key policy challenge for New Zealand is to rebalance the economy and reduce external vulnerabilities. It provides model-based estimates of the potential contribution...

Полное описание

Библиографические подробности
Соавтор: International Monetary Fund
Формат: Журнал
Язык:English
Опубликовано: Washington, D.C. : International Monetary Fund, 2010.
Серии:IMF Staff Country Reports; Country Report ; No. 2010/145
Online-ссылка:Full text available on IMF
LEADER 01596cas a2200241 a 4500
001 AALejournalIMF006501
008 230101c9999 xx r poo 0 0eng d
020 |c 5.00 USD 
020 |z 9781455202720 
022 |a 1934-7685 
040 |a BD-DhAAL  |c BD-DhAAL 
110 2 |a International Monetary Fund. 
245 1 0 |a New Zealand :   |b Selected Issues Paper. 
264 1 |a Washington, D.C. :  |b International Monetary Fund,  |c 2010. 
300 |a 1 online resource (19 pages) 
490 1 |a IMF Staff Country Reports 
500 |a <strong>Off-Campus Access:</strong> No User ID or Password Required 
500 |a <strong>On-Campus Access:</strong> No User ID or Password Required 
506 |a Electronic access restricted to authorized BRAC University faculty, staff and students 
520 3 |a This Selected Issues paper focuses on the issues of fiscal policy, rebalancing, and growth in New Zealand. The paper discusses that a key policy challenge for New Zealand is to rebalance the economy and reduce external vulnerabilities. It provides model-based estimates of the potential contribution that fiscal consolidation can make to external rebalancing and economic growth in New Zealand. The paper briefly describes the Global Integrated Monetary and Fiscal (GIMF) model, and provides some background on macroeconomic vulnerabilities and challenges in New Zealand. 
538 |a Mode of access: Internet 
830 0 |a IMF Staff Country Reports; Country Report ;  |v No. 2010/145 
856 4 0 |z Full text available on IMF  |u http://elibrary.imf.org/view/journals/002/2010/145/002.2010.issue-145-en.xml  |z IMF e-Library